000 01180cam a2200289 a 4500
999 _c174675
_d174675
001 4868743
003 Nust
005 20170207091038.0
008 920505r19931898enk b 000 1 eng
010 _a 92018242
020 _a9780140624014
_c£4.99
040 _aDLC
_cDLC
_dDLC
_dOCoLC
_dDLC
050 0 0 _aPR4699.F147
_bM6 1993
082 0 0 _a823.8
_bFAL
100 1 _aFalkner, John Meade,
_d1858-1932.
245 1 0 _aMoonfleet /
_cJohn Meade Falkner ; edited with an introduction by Brian Alderson.
260 _aOxford ;
_aNew York :
_bOxford University Press,
_c1995.
300 _axxxi, 247 p. ;
_c19 cm.
440 4 _aThe World's classics
504 _aIncludes bibliographical references
655 7 _aAdventure stories.
_2gsafd
700 1 _aAlderson, Brian.
856 4 2 _3Publisher description
_uhttp://www.loc.gov/catdir/enhancements/fy0640/92018242-d.html
906 _a7
_bcbc
_corignew
_d1
_eocip
_f19
_gy-gencatlg
942 _2ddc
_cBK